000
00334nam a22001457a 4500
008
210427b ||||| |||| 00| 0 eng d
020
_a
9780072977929
041
_a
eng
080
_2
11th
_a
334.7
082
_a
334.7
100
_a
55
101
_a
MF
245
_a
Foundations of Financial Management
_c
Block,S.B
942
_2
udc
_c
BK
999
_c
56837
_d
56837